| 000 | 00000nam 2200000za 4500 |
| 001 | 9.837684 |
| 003 | CaOODSP |
| 005 | 20221107151210 |
| 007 | cr ||||||||||| |
| 008 | 170605s1985 onc |o f|0| 0 eng d |
| 040 | |aCaOODSP|beng |
| 043 | |an-cn--- |
| 086 | 1 |aCS11-614/85-11E-PDF |
| 100 | 1 |aDagum, Estela Bee. |
| 245 | 10|aSeasonality |h[electronic resource] / |cby Estela Bee Dagum. |
| 260 | |a[Ottawa] : |bStatistics Canada, |c1985. |
| 300 | |a15 p. |
| 490 | 1 |aWorking paper ; |v85-11 |
| 500 | |aDigitized edition from print [produced by Statistics Canada]. |
| 500 | |a"Entry to be published in the Encyclopedia of Statistical Science (S. Kotz and N. Johnson, Editors) Vol. 6." |
| 504 | |aIncludes bibliographic references. |
| 692 | 07|2gccst|aStatistical analysis |
| 692 | 07|2gccst|aMethodology |
| 710 | 1 |aCanada. |bStatistics Canada. |bMethodology Branch. |
| 830 | #0|aWorking paper (Statistics Canada. Methodology Branch)|v85-11|w(CaOODSP)9.834763 |
| 856 | 40|qPDF|s1.37 MB|uhttps://publications.gc.ca/collections/collection_2017/statcan/11-613/CS11-614-85-11-eng.pdf |
| 986 | |a11-614E |